| 000 | 00389nam a2200133Ia 4500 | ||
|---|---|---|---|
| 008 | 240719s9999 xx 000 0 und d | ||
| 041 | _aeng | ||
| 082 | _a657 BHA | ||
| 100 | _aBhattacharyya K. Ashish | ||
| 245 | _aEssentials Of Financial Accounting | ||
| 260 |
_aNew Delhi _bPHI Learning Private Limited _c2017 |
||
| 300 | _a751;. P. 26 Cm | ||
| 520 | _aGifted By : IMT Faculty Dr.Pawan sir | ||
| 999 |
_c41332 _d41332 |
||